1848 - 1945 en Europe - Dates - Statistiques

Statistiques générales
  • Ce quiz a été pris 17 fois
  • Le résultat moyen est 48 sur 206
Statistiques - réponses
Hint Réponse % Correct
Capitulation à Stalingrad 1943
87%
Vaccin contre la rage (Pasteur) 1885
60%
Invasion de la Pologne (1 sept) 1939
60%
Défaite de la France (juin) 1940
60%
Opération Barbarossa (URSS) 1941
60%
Pearl Harbor (entrée USA) 1941
60%
Procès de Nuremberg 1945
60%
Création de l'ONU 1945
60%
Défaite de Sedan (2 sept) 1870
53%
Lois Ferry (École gratuite) 1881
53%
Attentat de Sarajevo (28 juin) 1914
53%
Bataille de la Somme 1916
53%
Traité de Versailles (28 juin) 1919
53%
Staline au pouvoir (Ier Plan) 1928
53%
Hitler nommé Chancelier (30 janv) 1933
53%
Front Populaire (Accords Matignon) 1936
53%
Bombardement de Guernica 1937
53%
Accords de Munich (septembre) 1938
53%
Pacte Germano-Soviétique 1939
53%
Appel du 18 juin (De Gaulle) 1940
53%
Création du CNR (Jean Moulin) 1943
53%
Conférence de Yalta 1945
53%
Suicide de Hitler 1945
53%
La Commune de Paris 1871
47%
1ers JO modernes (Athènes) 1896
47%
Réhabilitation d'Alfred Dreyfus 1906
47%
Bataille de Verdun 1916
47%
Entrée en guerre des USA 1917
47%
Armistice (11 nov) 1918
47%
Création de l'URSS 1922
47%
Mein Kampf (Hitler) 1925
47%
Krach de Wall Street 1929
47%
Début de la Guerre d'Espagne 1936
47%
Fin de la Guerre d'Espagne 1939
47%
Débarquement Normandie (6 juin) 1944
47%
Libération de Paris 1944
47%
Capitulation Allemagne (8 mai) 1945
47%
Coup d'État de Louis-Napoléon 1851
40%
Proclamation du Second Empire 1852
40%
École laïque et obligatoire 1882
40%
Début construction Tour Eiffel 1887
40%
Début de l'Affaire Dreyfus 1894
40%
Exposition Universelle de Paris 1900
40%
Crise d'Agadir (Maroc) 1911
40%
Assassinat de Jaurès (31 juillet) 1914
40%
Entrée en guerre de l'Italie 1915
40%
Révolutions Russes (Fév/Oct) 1917
40%
Chemin des Dames (mutineries) 1917
40%
Paix de Brest-Litovsk 1918
40%
Proclamation République de Turquie 1923
40%
Mort de Lénine 1924
40%
Roosevelt : New Deal 1933
40%
Incendie du Reichstag 1933
40%
Nuit des Longs Couteaux 1934
40%
Lois raciales de Nuremberg 1935
40%
Bataille d'Angleterre 1940
40%
Droit de vote des femmes (Fr) 1944
40%
Conférence de Potsdam 1945
40%
Bombes Hiroshima/Nagasaki 1945
40%
Abolition de l'esclavage (France) 1848
33%
Printemps des Peuples (Europe) 1848
33%
Proclamation de la IIe République 1848
33%
Proclamation IIIe Rép. (4 sept) 1870
33%
Traité de Francfort (Alsace-Moselle) 1871
33%
Mort de Victor Hugo 1885
33%
Assassinat de Sadi Carnot 1894
33%
Loi de Séparation Églises/État (Fr) 1905
33%
Utilisation des gaz (Ypres) 1915
33%
Génocide des Arméniens 1915
33%
Création de la SDN 1919
33%
Marche sur Rome (Mussolini) 1922
33%
Anschluss (annexion Autriche) 1938
33%
Entrevue de Montoire (Pétain) 1940
33%
Rafle du Vel d'Hiv 1942
33%
Fin Guerre de Sécession (USA) 1865
27%
Ouverture du Canal de Suez 1869
27%
Proclamation Empire Allemand 1871
27%
Liberté de la presse (France) 1881
27%
"J'accuse" d'Émile Zola 1898
27%
Mort de la Reine Victoria 1901
27%
Premier vol des frères Wright 1903
27%
Création de la SFIO 1905
27%
Bataille de la Marne 1914
27%
Congrès de Tours (Scission SFIO/PC) 1920
27%
Putsch de la Brasserie (Hitler) 1923
27%
Émeutes du 6 février (France) 1934
27%
Axe Rome-Berlin 1936
27%
Nuit de Cristal 1938
27%
Conférence de Wannsee 1942
27%
Conférence de Téhéran 1943
27%
Début des travaux d'Haussmann 1853
20%
Droit de grève (Loi Ollivier) 1864
20%
Bataille de Sadowa 1866
20%
Compromis Austro-Hongrois 1867
20%
Congrès de Berlin (Balkans) 1878
20%
Invention ampoule électrique 1879
20%
Création de la Statue de la Liberté 1886
20%
1er Congrès Sioniste (Bâle) 1897
20%
Entente Cordiale (France/RU) 1904
20%
Relativité restreinte (Einstein) 1905
20%
Lancement de la Ford T 1908
20%
Annexion de la Bosnie par l'Autriche 1908
20%
Loi des trois ans (militaire, Fr) 1913
20%
Traité de Sèvres (Empire Ottoman) 1920
20%
Entrée de l'Allemagne à la SDN 1926
20%
Famine en Ukraine (Holodomor) 1932
20%
Mort Hindenburg (Hitler Führer) 1934
20%
Invasion de l'Éthiopie 1935
20%
Remilitarisation Rhénanie 1936
20%
Grands Procès de Moscou 1937
20%
Bataille d'El Alamein 1942
20%
Accords de Bretton Woods 1944
20%
Manifeste du Parti Communiste 1848
13%
Échec du Parlement de Francfort 1849
13%
Répression autrichienne en Hongrie 1849
13%
1ère Expo Universelle (Londres) 1851
13%
Début de la Guerre de Crimée 1853
13%
Traité de Paris (fin de la Crimée) 1856
13%
Révolte des Cipayes (Inde) 1857
13%
Darwin : L'Origine des espèces 1859
13%
Abolition du servage en Russie 1861
13%
Proclamation du Royaume d'Italie 1861
13%
Fondation de la Croix-Rouge 1863
13%
Révolution de Meiji (Japon) 1868
13%
Fin de l'occupation allemande (Fr) 1873
13%
Lois constitutionnelles (IIIe Rép) 1875
13%
Invention du téléphone (Bell) 1876
13%
Crise du 16 mai (Mac-Mahon) 1877
13%
Légalisation syndicats (Waldeck) 1884
13%
Légalisation du divorce (France) 1884
13%
Conférence de Berlin (Afrique) 1884
13%
Démission de Bismarck 1890
13%
1ère séance Cinéma (Lumière) 1895
13%
Bataille d'Adoua (Éthiopie) 1896
13%
Guerre hispano-américaine 1898
13%
Début de la Guerre Russo-Japonaise 1904
13%
Révolution russe (Dimanche rouge) 1905
13%
Traversée de la Manche (Blériot) 1909
13%
Première Guerre balkanique 1912
13%
Accords Sykes-Picot 1916
13%
Fondation du Komintern 1919
13%
Mussolini crée les Faisceaux 1919
13%
Occupation de la Ruhr 1923
13%
Victoire du Cartel des Gauches (Fr) 1924
13%
Accords de Locarno 1925
13%
Vote de la Ligne Maginot 1930
13%
Exposition Coloniale (Paris) 1931
13%
Bataille de Solférino 1859
7%
Bismarck devient Ministre-Président 1862
7%
Guerre des Duchés 1864
7%
Fondation de la Ire Internationale 1864
7%
La Duplice (Allemagne/Autriche) 1879
7%
Le 14 juillet devient fête nationale 1880
7%
Assurance maladie (Bismarck) 1883
7%
Crise Boulangiste (France) 1889
7%
Alliance Franco-Russe 1891
7%
Scandale de Panama 1892
7%
Fondation de la CGT 1895
7%
Crise de Fachoda (Fr/RU) 1898
7%
Loi sur les associations (France) 1901
7%
Alliance anglo-japonaise 1902
7%
Création mouvement Suffragettes 1903
7%
Crise de Tanger (Maroc) 1905
7%
Triple Entente (Fr/RU/Russie) 1907
7%
République proclamée au Portugal 1910
7%
Déclaration Balfour 1917
7%
Fondation du Bauhaus (Allemagne) 1919
7%
Droit de vote des femmes (USA) 1920
7%
Début de la NEP en Russie 1921
7%
Traité de Rapallo (All/URSS) 1922
7%
Plan Dawes (Réparations) 1924
7%
Accords du Latran 1929
7%
Loi Falloux (enseignement en France) 1850
0%
Bataille de l'Alma 1854
0%
Expo Universelle de Paris 1855
0%
Attentat d'Orsini 1858
0%
Entrevue de Plombières 1858
0%
Traité de libre-échange (Fr/RU) 1860
0%
Expédition des Mille (Garibaldi) 1860
0%
Ouverture 1er métro à Londres 1863
0%
Karl Marx : Le Capital (Tome 1) 1867
0%
Exposition Universelle (Paris) 1867
0%
Décret Crémieux (Algérie) 1870
0%
Service militaire obligatoire (Fr) 1872
0%
Krach de Vienne (Grande Dépression) 1873
0%
Traité du Bardo (Tunisie) 1881
0%
La Triplice (All/Aut/Italie) 1882
0%
Fondation Standard Oil (Rockefeller) 1882
0%
Traité de Réassurance (All/Russie) 1887
0%
"Année des trois empereurs" (All) 1888
0%
Fondation de la IIe Internationale 1889
0%
Encyclique Rerum Novarum 1891
0%
Fusillade de Fourmies (1er mai) 1891
0%
Invention moteur Diesel 1892
0%
Convention militaire franco-russe 1893
0%
Mort du Tsar Alexandre III 1894
0%
Découverte des rayons X 1895
0%
L'interprétation du rêve (Freud) 1899
0%
Repos hebdomadaire obligatoire 1906
0%
Taylorisme (Principles of Sci. Mgt) 1911
0%
Fordisme (chaîne de montage) 1913
0%
Premier film parlant (Jazz Singer) 1927
0%
Découverte de la pénicilline 1928
0%
Pacte Briand-Kellogg 1928
0%
Statut de Westminster 1931
0%
Traité Franco-Soviétique 1935
0%
Aucun quiz correspondant
Distribution des résultats
% des personnes avec chaque résultat
Percentile par nombre de réponses
Votre historique - résultats
Vous n’avez pas pris ce quiz